000 00470nam a22001817a 4500
003 SGT
020 _a9783659900556
082 _a617.632
_bU16R
100 _aRao, Dayashankara J.K.
245 _aUse and Accuracy of Surgical Stent for placing Dental Implant
260 _bLambert Academic Publishing
_c2016
300 _a61
650 _aImplant Dentistry
653 _aImplant Dentistry
700 _aGulia, Sunil
700 _aSheorain, Anil
942 _2ddc
_cBK
999 _c23899
_d23899